| 000 | 00353nam a22001217a 4500 | ||
|---|---|---|---|
| 082 | _aTHE 200 | ||
| 100 |
_aTALHA SHAHID _915676 |
||
| 245 | _aTH-SOF-0969-DESIGN AND DEVELOPMENT OF A 5 DOF SERIAL MANIPULATION | ||
| 260 |
_aNUST COLLEGE OF EME _bISLAMABAD _c2001 |
||
| 650 | _a MS-MTS-70 MSTHESIS | ||
| 700 |
_aDR UMAR SHAHBAZ KHAN _931608 |
||
| 942 | _cCF | ||
| 999 |
_c578635 _d578635 |
||